00504 a2200157 4500010001400000020001100014035001300025037001500038082001100053245009900064260003800163270004600201300002600247500005100273700002200324 aENG-87935 c300.00 aEN-71468 bDBAD / PUB14a954.531 aPatna through the ages:cedited by Qeyamuddin Ahmadbglimpses of history, society and economy/ aNew DelhibJanaki Prakashanc1988 aAshok Rajpath, Chauhatta,bPatnae800 004 axiv, 188p.c22cm (Hb) aIncludes bibliographical references and index aQeyamuddhin Ahmad